| 000 | 00419nam a22001577a 4500 | ||
|---|---|---|---|
| 005 | 20250221101545.0 | ||
| 008 | 250221b |||||||| |||| 00| 0 eng d | ||
| 020 | _a9780412588204 | ||
| 050 |
_aHF5686 _b.C8 DOD |
||
| 100 | _aDodge, Roy | ||
| 245 | _aFoundations of cost and management accounting | ||
| 260 |
_aLondon _bChapman and Hall _cc1994 |
||
| 300 | _axxii, 419p | ||
| 500 | _aIncludes index | ||
| 942 |
_2lcc _cBK _n0 |
||
| 999 |
_c4014 _d4014 |
||